Statistics for 5 Biggest Cities in Each Australian State

Click here to take the quiz!

General Stats

  • This quiz has been taken 264 times
  • The average score is 17 of 30

Answer Stats

StateAnswer% Correct
New South WalesSydney
99%
VictoriaMelbourne
95%
South AustraliaAdelaide
94%
QueenslandBrisbane
94%
Western AustraliaPerth
94%
TasmaniaHobart
89%
QueenslandGold Coast
86%
New South WalesNewcastle
84%
QueenslandCairns
81%
VictoriaGeelong
76%
QueenslandTownsville
75%
New South WalesWollongong
73%
TasmaniaLaunceston
72%
QueenslandSunshine Coast
67%
VictoriaBallarat
63%
VictoriaBendigo
61%
New South WalesAlbury-Wodonga
53%
Western AustraliaBunbury
39%
TasmaniaDevonport
39%
New South WalesCoffs Harbour
34%
TasmaniaBurnie
32%
Western AustraliaGeraldton
31%
South AustraliaMount Gambier
31%
South AustraliaWhyalla
27%
South AustraliaMurray Bridge
19%
Western AustraliaBusselton
18%
VictoriaMelton
18%
South AustraliaGawler
17%
TasmaniaSomerset
4%
Western AustraliaEllenbrook
3%

Score Distribution

Percentile by Number Answered

Percent of People with Each Score

Your Score History

You have not taken this quiz